Piratas y contrabandistas de ambas Indias, y estado presente de ellas (1693) / (Record no. 153483)

MARC details
000 -LEADER
campo de control de longitud fija 01158nam a2200289 i 4500
001 - NÚMERO DE CONTROL
campo de control 153483
003 - IDENTIFICADOR DE NÚMERO DE CONTROL
campo de control SpMaBN
005 - FECHA Y HORA DE LA ÚLTIMA TRANSACCIÓN
campo de control 20250728084434.0
008 - DATOS DE LONGITUD FIJA--INFORMACIÓN GENERAL
campo de control de longitud fija 190215s2011 sp b |||| | spa d
020 ## - NÚMERO INTERNACIONAL ESTÁNDAR DEL LIBRO
Número Internacional Estándar del Libro 978-84-9752-031-7
080 ## - NÚMERO DE LA CLASIFICACIÓN DECIMAL UNIVERSAL
Número de la Clasificación Decimal Universal 910.4(100)"16"
100 1# - ENTRADA PRINCIPAL--NOMBRE DE PERSONA
Nombre de persona Seyxas y Lovera, Francisco de.
9 (RLIN) 166324
245 10 - MENCIÓN DEL TÍTULO
Título Piratas y contrabandistas de ambas Indias, y estado presente de ellas (1693) /
Mención de responsabilidad, etc. Francisco de Seyxas y Lovera ; edición, anotación y estudio preliminar de Clayton McCarl.
260 ## - PUBLICACIÓN, DISTRIBUCIÓN, ETC.
Lugar de publicación, distribución, etc. [La Coruña] :
Nombre del editor, distribuidor, etc. Fundación Barrié,
Fecha de publicación, distribución, etc. [2011]
300 ## - DESCRIPCIÓN FÍSICA
Extensión LVIII, 320 p. :
Otras características físicas mapas col. ;
Dimensiones 23 cm.
490 1# - MENCIÓN DE SERIE
Mención de serie Galicia exterior
500 ## - NOTA GENERAL
Nota general Índice.
504 ## - NOTA DE BIBLIOGRAFÍA, ETC.
Nota de bibliografía, etc. Bibliografía: p. 269-298.
650 #7 - PUNTO DE ACCESO ADICIONAL DE MATERIA--TÉRMINO DE MATERIA
Término de materia o nombre geográfico como elemento de entrada Piratería-
Subdivisión de forma Historia.
9 (RLIN) 166325
700 1# - ENTRADA AGREGADA--NOMBRE PERSONAL
Nombre de persona McCarl, Clayton.
9 (RLIN) 166326
710 2# - ENTRADA AGREGADA--NOMBRE DE ENTIDAD CORPORATIVA
Nombre de entidad corporativa o nombre de jurisdicción como elemento de entrada Fundación Pedro Barrié de la Maza, Conde de Fenosa
9 (RLIN) 176439
830 0# - PUNTO DE ACCESO ADICIONAL DE SERIE-TÍTULO UNIFORME
Título uniforme Galicia exterior
9 (RLIN) 187775
852 ## - LOCALIZACIÓN
Ubicación ES-MaACL
Número de control de estantería A-14340
itemnumber 159070
Sublocalización o colección R.151659
Ubicación en estantería Depósito 1
Signatura antigua Olim: N-7340
Donativo/Legado Donación: Fundación Barrié
914 ## - NOMBRE ENTIDAD DE DONANTE
Nombre de congreso/reunión o jurisdicción como elemento de entrada Fundación Pedro Barrié de la Maza, Conde de Fenosa
Unidad subordinada Donante
RLIN 176439
942 ## - ELEMENTOS DE ENTRADA SECUNDARIOS (KOHA)
Fuente del sistema de clasificación o colocación Clasificación decimal universal
Tipo de ítem Koha Libro impreso
Holdings
Estatus retirado Estado de pérdida Fuente del sistema de clasificación o colocación Estado de daño No para préstamo Biblioteca de origen Biblioteca actual Ubicación en estantería Fecha de adquisición Fuente de adquisición Total de préstamos Signatura topográfica completa Código de barras Visto por última vez Precio de reemplazo Tipo de ítem Koha
    Clasificación decimal universal     Biblioteca del Ateneo de Madrid Biblioteca del Ateneo de Madrid Depósito 1 15/02/2019 Donación   A-14340 1199939 23/02/2023 23/02/2023 Libro impreso